000 00502nam a2200157 i 4500
001 52811
003 ES-MaACL
007 t|
008 030904s1982 sp ||||1| spa d
245 0 0 _a¿Defensa armada o defensa popular no-violenta? /
_cG. Arias ... [et al.] ; [presentación y traducción de Gonzalo Arias].
250 _a[2ª ed.].
260 _aBarcelona :
_bHogar del Libro,
_c[1982]
300 _a156 p. ;
_c18 cm.
700 1 _aArias, Gonzalo.
_922747
852 _aES-MaACL
_jL-3995
_bR.104680
999 _c52811
_d52811